000 00685nam a2200205 a 4500
008 120416s1977 ||||||||||||||||| || u
020 _a0070701350
050 _aHF 5686.B3 Wie
100 _aWienar, Robert A
245 1 0 _aInsolvency accounting
246 _aRobert A. Wiener
260 _aNew York
_bMcGraw-Hill
_c1977
300 _axi, 288p. : ill.
350 _a0.00
650 _aINSOLVENCY--ACCOUNTING
650 0 _aACCOUNTING--HANDBOOKS, MANUALS, ETC
650 _aBANKRUPTCY
700 _aChristian, Roger
995 _D0.00
_FCBU-MAIN LIBRARY (Kitwe)
_H1
_I34.95
_M1
_UAVAILABLE
_ZMain Library Open Access Collection
999 _c47038
_d47038